Logos de clubs de football suisses - Mort subite - Statistiques

Statistiques générales
  • Ce quiz a été pris 1 783 fois
  • Le résultat moyen est 8 sur 14
Answers on the Grid
Answers color-coded by a green-red scale on the quiz's grid according to % correct below.
 
Statistiques - réponses
Réponse % Correct
85%
82%
71%
70%
67%
65%
61%
58%
56%
48%
37%
36%
33%
31%
Aucun quiz correspondant
Distribution des résultats
% des personnes avec chaque résultat
Percentile par nombre de réponses
Votre historique - résultats
Vous n’avez pas pris ce quiz